Digital signatures - security issues and real-world conveyancing (Record no. 68073)
[ view plain ]
| 000 -LEADER | |
|---|---|
| fixed length control field | 01057cam a2200217 4500 |
| 001 - CONTROL NUMBER | |
| control field | ABS64441 |
| 008 - FIXED-LENGTH DATA ELEMENTS--GENERAL INFORMATION | |
| fixed length control field | 010823n2001 000 0 eng u |
| 035 ## - SYSTEM CONTROL NUMBER | |
| System control number | (Sirsi) u114296 |
| 100 ## - MAIN ENTRY--PERSONAL NAME | |
| Personal name | Perry, R |
| 245 ## - TITLE STATEMENT | |
| Title | Digital signatures - security issues and real-world conveyancing |
| 260 ## - PUBLICATION, DISTRIBUTION, ETC. | |
| Date of publication, distribution, etc. | 2001 |
| 490 ## - SERIES STATEMENT | |
| Series statement | New Law Journal |
| Volume/sequential designation | 151(6993) 20 July 2001, 1100-1101(2) |
| 520 ## - SUMMARY, ETC. | |
| Summary, etc. | Questions whether the adoption of electronic conveyancing willincrease costs without improving on the present system. Describes the difficulties faced in introducing electronic conveyancing and concludes that there are benefits to be gained especially for the Land Registry. There would need to be far greater security to ensure that only the correct person uses a digital signature before electronic conveyancing can totally replace real-world conveyancing. |
| 590 ## - LOCAL NOTE (RLIN) | |
| Local note | ABS |
| 650 ## - SUBJECT ADDED ENTRY--TOPICAL TERM | |
| Topical term or geographic name entry element | CONVEYANCING |
| 650 ## - SUBJECT ADDED ENTRY--TOPICAL TERM | |
| Topical term or geographic name entry element | DIGITAL SIGNATURES |
| 650 ## - SUBJECT ADDED ENTRY--TOPICAL TERM | |
| Topical term or geographic name entry element | HM LAND REGISTRY |
| 650 ## - SUBJECT ADDED ENTRY--TOPICAL TERM | |
| Topical term or geographic name entry element | PROPERTY TRANSACTIONS |
| 690 ## - LOCAL SUBJECT ADDED ENTRY--TOPICAL TERM (OCLC, RLIN) | |
| Topical term or geographic name as entry element | PROPERTY AND LAND LAW-CONVEYANCING |
| 942 ## - ADDED ENTRY ELEMENTS (KOHA) | |
| Suppress in OPAC | 0 |
| Withdrawn status | Lost status | Source of classification or shelving scheme | Damaged status | Not for loan | Home library | Current library | Shelving location | Date acquired | Total Checkouts | Full call number | Barcode | Date last seen | Copy number | Price effective from | Koha item type |
|---|---|---|---|---|---|---|---|---|---|---|---|---|---|---|---|
| Dewey Decimal Classification | London | London | Journal article | 23/08/2001 | ABS64441 | 114296-1001 | 06/08/2019 | 1 | 06/08/2019 | Journal article |